Представление документа в формате MARC21

Поле Инд. ПП Название Значение
Тип записи a
Библиографический уровень m
001 Контрольный номер RU/IS/BASE/131113522
005 Дата корректировки 20220805121049.4
040 b Код языка каталог. rus
041 a Код языка текста rus
080 00 a Индекс УДК 004.42
084 a Индекс другой классификации/Индекс ББК 32.973.26-018.2
090 00 a Полочн. индекс 681.3
c Каталожный индекс 681.3.06
x Авторский знак Б87
097 b Оператор 11
100 10 a Автор Браун М. Р.
245 00 a Заглавие Using Netscape 3 в подлиннике
260 00 a Место издания Санкт-Петербург
b Издательство BHV-Санкт-Петербург
c Дата издания 1997
300 00 a Объем 864 с.
e Сопроводительные материалы CD
b Иллюстрации/ тип воспроизводства ил.
510 a Примечание о ссылках Книги и методические пособия
650 a Основная рубрика 50.41 Программное обеспечение вычислительных машин, комплексов и сетей
x Основная подрубрика 50.41.25 Прикладное программное обеспечение
653 00 a Ключевые слова программирование; программы (выч. техника); языки программирования; прикладные программы
901 t Тип документа m